000 00423nam a2200169Ia 4500
008 140819t2012 xxu||||| |||| 00| 0 sin d
041 _asin
080 _aX8S31
_bWIC
100 _aWickramasinghe, Martin
245 _aගම්පෙරළිය
246 _aGamperaliya
260 _bSarasa
_aRajagiriya
_c2012
300 _aP.254p., 21 cm
942 _cBK
999 _c73859
_d73859
003 LK-CoDNM
040 _aLK-CoDNM
_dLK-CoDNM
_eLK-CoDNM